MDQL
is popping MORE tags! Check the
thread
!
Quizzes
Events
Quiz Creation
Community
Videos
Private Events
Remove Ads
Sign In
Join for FREE
Feedback
Dark Mode
Quiz Categories
Sports
Geography
Music
Movies
Television
Just For Fun
Miscellaneous
History
Literature
Language
Science
Gaming
Entertainment
Religion
Holiday
For Kids
Quiz Lab
Recent
Popular Today
Quiz Kudos Today
Editor Picks
Curator Picks
Quizzes by...
Day
Popularity
Type
Ratings
Length
Year
Community
Subscriptions
Recent Discussions
Orange Saloon
Badges
Playlists
Quests
Create
Leaderboards
Showdown
Live 5
Trivia Bingo
Activity
Puzzle Library
Sporcle Events
Private Events
Virtual Trivia
Globe League
Become a Host
Pub Owners
SporcleCon
Opinionation
Our Games
Videos
Blog
Mobile Apps
Partnerships
Remove Ads and Go Orange
Feedback
Miscellaneous
Crossword
General Knowledge
Baby Names
Logo
Food
Cars
Numbers
Grab Bag
University
College
Popular
Company
Slogans
Restaurants
Justice
Letter
Miscellaneous
Crossword
General Knowledge
Baby Names
Logo
Food
Cars
Numbers
Grab Bag
University
College
Popular
Company
Slogans
Restaurants
Justice
Letter
Random Quiz
Search Sporcle
×
Quiz Lab
Quiz Lab
Miscellaneous
Type in answers that appear in a list
Type in answers that appear in a list
Classic
Best Score? Go Orange.
Stormfur or Owlstar? Stats
Stormfur or Owlstar??
By
girlsrule
60s
6 Questions
18 Plays
18 Plays
18 Plays
Comments
Comments
Give Quiz Kudos
Give Quiz Kudos
-
- Ratings
hide this ad
Replay
Link that replays current quiz
Next Quiz
Link to next quiz in quiz playlist
You Got
0%
They Got
Avg Score
97%
Avg Friend Score
Upgrade to see
Score Distribution
Jump to the score distribution portion of the page
Score
0/6
Timer
01:00
0
Plays Today
Hint
Answer
% Correct
https:/
/
vignette.wikia.nocookie.net/
wariors/
images/
9/
9f/
Stormfur.cg.png/
revision/
latest?cb=20150807114426
stormfur
100%
https:/
/
vignette.wikia.nocookie.net/
warrior-
cats/
images/
8/
8b/
Stormfur.jpg/
revision/
latest?cb=20101002021821
stormfur
100%
https:/
/
i.pinimg.com/
236x/
fb/
aa/
06/
fbaa06080fb922dca7753f04901bf741-
-
homestuck-
valentine-
cards.jpg
stormfur
100%
https:/
/
vignette.wikia.nocookie.net/
warriors/
images/
2/
29/
Owlstar_
%28SotC%29.star.png/
revision/
latest?cb=20140731003128
owlstar
94.4%
https:/
/
vignette.wikia.nocookie.net/
warriors/
images/
2/
28/
Owlstar_
%28SotC%29.es.png/
revision/
latest?cb=20151103023946
owlstar
94.4%
http:/
/
www.tridanim.com/
thumbnail/
c/
cats-
owlstar-
1000-
images-
about-
warrior-
cats-
on-
pinterest-
warrior-
cats-
20.jpeg
owlstar
94.4%
Quiz Playlist
Details
Report
Send in Message
Add To Playlist
Classic:
Type in answers that appear in a list
Last Updated: Feb 21, 2018
Quiz Scoreboard
CHALLENGE
Sign Up to Join the Scoreboard
Show All
Scores
Hide
Comments
May contain spoilers
Recently Published
Colored Red Africa Blitz
by spor1
Geography
30s
Find the 'City' Movie
by crazypaving
Movies
60s
5x2 Blitz: Bands
by SL_Kpop136
Music
30s
More to Explore
Quiz From the Vault
Featured Blog Post
14 Easter Pick-up Lines to Find Eggs With
hide this ad
You Might Also Like...
Tags
This quiz does not have any tags.
Today's Top Quizzes in Miscellaneous
Browse Miscellaneous
hide this ad
Top Contributed Quizzes in Miscellaneous
1
The JOE quick-fire general knowledge quiz: Day 174
2
5-to-1: Fast Food
3
9x9 Crossword: Disney Movie Titles
4
9x9 Crossword: Charlie and the Chocolate Factory
5
9x9 Crossword: Actors
6
9x9 Crossword: 2022 Movies
7
9x9 Crossword: The Simpsons
8
9x9 Crossword: Pixar Movie Titles
9
The JOE quick-fire general knowledge quiz: Day 173
10
9x9 Crossword: Flags
Explore More
Trending Topics
Crossword
Marvel
Anime
Kpop
NBA
Disney
Harry Potter
Country
NFL
Song
The Office
WWE
Puzzle
Pokémon
Soccer
hide this ad
More By:
girlsrule
Quiz
Plays
Rating
Category
Featured
Created
Warrior Cats Clans
567
2.75
Literature
Jan 26, 2018
Squirrelflight or Firestar?
130
Miscellaneous
Feb 12, 2018
Warriors: Spottedleaf or Sorreltail?
94
Miscellaneous
Feb 11, 2018
Animal Jam Alpha
94
Gaming
Jan 26, 2018
Bluestar or Mistystar?
70
Miscellaneous
Feb 12, 2018
Go to Creator's Profile
Score Distribution
Quiz Creator Spotlight
girlsrule
Follow
Send a Message
Quizzes Created
-
Created Quiz Play Count
-
More By This Creator
Popular Quizzes Today
1
Colored Red Africa Blitz
2
Find the 'City' Movie
3
5x2 Blitz: Bands
4
Find the US States - No Outlines Minefield
5
The Countries of the World
6
Find the US States
7
US States
8
Find the Countries of Europe - No Outlines Minefield
More Miscellaneous Quizzes
Every Top 100 Girls' Names (2000s)
Published
Trending Quizzes
Colored Red Europe Blitz I
Colored Red Europe Blitz II
Colored Red Africa Blitz II
Colored Red Europe Blitz III
Colored Red Africa Blitz III
Recently Updated
How Do You Spell That?
pecheneg
Godzilla Movies
pecheneg
Grab Bag: 4-10 Letters
pecheneg
2024 March Madness Bracket
pecheneg
Famous TV Couples
Peacemaker
Champions League XIs: Real Madrid
pecheneg
Largest US Cities 1790-2010
pecheneg
Rides in Walt Disney World
pecheneg
Most Oscar Losses (Acting)
pecheneg
Beyoncé Albums
pecheneg
Trending Topics
Crossword
Harry Potter
Anime
Disney
Kpop
NBA
Marvel
The Office
Pokémon
Country
Puzzle
NFL
Soccer
WWE
Song
Your Account Isn't Verified!
In order to create a playlist on Sporcle, you need to verify the email address you used during registration. Go to your
Sporcle Settings
to finish the process.
Report this User
Report this user for behavior that violates our
Community Guidelines
.
Details:
Send Report
Go to the Sporcle.com Mobile Site →
Comments